[Event "BAN-chT Golden Jubilee 2021-22"]
[Site "Dhaka"]
[Date "2022.03.13"]
[Round "4.6"]
[White "Zia, Tahsin Tajwar"]
[Black "Panesar Vedant"]
[Result "1-0"]
[WhiteElo "2283"]
[BlackElo "2379"]
[Annotator "TA"]
[PlyCount "91"]
[EventDate "2022.03.10"]
[EventType "team-tourn"]
[EventCountry "BAN"]
[SourceTitle "playchess.com"]
[Source "ChessBase"]
[SourceQuality "1"]

{[%evp 9,91,32,29,27,37,20,12,15,31,19,13,18,29,29,45,32,21,8,11,24,37,7,86,89,83,60,46,51,46,17,26,18,25,34,37,20,23,3,23,15,21,0,3,3,0,16,16,10,29,40,341,317,353,390,491,481,498,488,470,443,752,664,647,607,991,1039,879,912,1246,1170,12836,1119,12837,12836,12841,12842,29990,12845,29990,29991,29991,29992,29992,29993]} 1. d4 d5 2. Nf3 e6 3. c4 a6 4. Bg5 Be7 5. Bxe7 Qxe7 6. Nbd2 {D30: Queen's Gambit Declined: Systems without Nc3.} Nf6 7. g3 O-O 8. Bg2 {The position is equal.} Nbd7 9. O-O b6 10. Rc1 {Threatening cxd5.} c5 {[#]} 11. Ne5 $146 ({Predecessor:} 11. dxc5 bxc5 12. cxd5 exd5 13. Re1 Rb8 14. b3 Bb7 15. e3 Rfe8 16. Qc2 a5 17. Nb1 {½-½ (25) Georgakopoulos,N (2301)-Nikolaidis,I (2533) Anogia 2017}) 11... Bb7 12. cxd5 Bxd5 13. e4 {[#] Black must now prevent Nxd7.} Bb7 14. Nxd7 Nxd7 15. d5 Ne5 {[#]} (15... b5 $11) 16. f4 $1 $16 Nd7 17. Nc4 exd5 18. exd5 Qf6 19. Kh1 Rfe8 20. Re1 Rad8 21. Qd2 g6 22. Rcd1 Kg7 23. a4 Rxe1+ 24. Qxe1 Ba8 25. d6 Bxg2+ 26. Kxg2 b5 27. axb5 axb5 28. Ne5 {Black should prevent Nxd7.} Qe6 29. Nc6 Re8 {[%mdl 8192] A mistake that costs the game.} (29... Ra8 $14) 30. Qxe6 $18 Rxe6 31. Ne5 $1 Nxe5 32. fxe5 {[%mdl 4096] Endgame Hoping for d7. KR-KR} Re8 33. Rd5 Rc8 34. Kf3 b4 (34... Kg8 $142 35. Ke3 Kg7) 35. b3 Kf8 36. Ke3 Ra8 37. Rxc5 Ke8 38. Rb5 Ra2 39. Rxb4 Rxh2 40. Rb8+ Kd7 41. Rf8 Rb2 42. Rxf7+ Ke8 43. Rb7 (43. e6 $142 Rxb3+ 44. Kd4 Rb8 45. Rxh7 Kf8 46. Rh8+ Kg7 47. Rxb8 Kh6 48. e7) 43... Kd8 44. e6 {[%cal Rb7b8,Be5e6,Be6e7][%mdl 32] White mates.} Kc8 45. Rc7+ Kb8 46. e7 {Weighted Error Value: White=0.07 (flawless) /Black=0.66} 1-0

[Event "BAN-chT Golden Jubilee 2021-22"]
[Site "Dhaka"]
[Date "2022.03.13"]
[Round "4.8"]
[White "Mitrabha, Guha"]
[Black "Harshad S"]
[Result "1/2-1/2"]
[WhiteElo "2510"]
[BlackElo "2328"]
[Annotator "TA"]
[PlyCount "214"]
[EventDate "2022.03.10"]
[EventType "team-tourn"]
[EventCountry "BAN"]
[SourceTitle "playchess.com"]
[Source "ChessBase"]
[SourceQuality "1"]

{[%evp 27,214,21,28,7,28,12,25,19,27,21,29,12,15,16,35,28,28,-5,0,-8,13,18,19,11,31,4,31,0,0,4,10,0,16,4,12,0,22,0,6,4,22,23,21,18,39,4,5,6,10,0,0,0,14,0,0,-14,-8,-12,0,-9,0,0,0,0,7,0,9,3,0,0,0,0,4,0,0,0,0,0,19,0,0,0,5,0,0,0,0,0,0,0,0,0,0,0,0,-14,0,-39,0,0,0,-120,-9,-19,0,-14,-12,-17,0,-79,0,0,0,-141,0,-147,0,0,0,-72,-70,-54,-60,-75,0,-55,0,-26,0,-18,0,0,0,0,0,0,0,-8,-8,-8,0,0,0,0,0,0,0,0,0,0,0,-175,0,0,0,0,0,0,0,0,0,0,8,8,8,8,8,8,8,8,31,31,31,31,31,31,31,31,31,31,31,31,31,31,31,31,31,8,8]} 1. Nf3 d5 2. d4 Nf6 3. c4 e6 4. e3 Be7 5. Bd3 O-O 6. O-O dxc4 7. Bxc4 c5 8. dxc5 Bxc5 9. a3 Qxd1 10. Rxd1 a6 11. b4 Be7 12. Bb2 b5 13. Be2 Nc6 14. Nbd2 Bb7 15. Nb3 {D27: Queen's Gambit Accepted: Classical main line: 7 e4!? and 7 a4.} Rfd8 16. Kf1 {[#]} Nd7 $146 ({Predecessor:} 16... Rxd1+ 17. Rxd1 Rd8 18. Rxd8+ Nxd8 19. Na5 Bd5 20. Nd2 Nb7 21. Nxb7 Bxb7 22. h3 Ne4 23. Nxe4 Bxe4 {½-½ (22) Damjanovic,M-Karaklajic,N Bad Liebenstein 1963}) 17. Rac1 {White has an edge.} Rac8 18. Ba1 Kf8 19. Ne1 Ncb8 20. Na5 Rxc1 21. Rxc1 Rc8 22. Rd1 Bd5 23. f3 Bd8 24. e4 Ba8 25. Nd3 f6 26. Nb3 Bb6 27. Ke1 e5 28. Kd2 Ke7 29. g3 g6 30. Bf1 Rc7 31. Re1 Nc6 32. Bh3 a5 33. Bc3 {[%cal Rb4a5]} a4 34. Nbc5 Nxc5 35. bxc5 Ba5 36. Nb4 Bxb4 37. axb4 Nd8 38. Ke3 Bc6 39. Rd1 Nf7 40. f4 Ra7 41. Ra1 Ra8 42. Bf1 Rd8 43. Bd3 Bd7 44. Rf1 Rb8 45. h4 Bh3 46. Rf2 Bg4 47. Bb2 Bd7 48. Rf1 Ra8 49. Ba1 Rb8 50. Rh1 Rg8 51. Rc1 Rc8 52. Bb2 Rc7 53. Rh1 Rc8 54. Be2 h6 55. Rf1 Rg8 56. Rf2 Rg7 57. Bd3 Rg8 58. Ba1 g5 59. fxg5 hxg5 60. h5 Rh8 61. Rh2 $1 Nh6 62. Rh1 (62. Rc2 $5 {[%cal Rc5c6]}) 62... Ng4+ 63. Kf3 {[%cal Oc5c6]} Nh6 64. Bb1 (64. Ke3 $1 $11) 64... Be6 (64... Bg4+ $17 65. Ke3 Bxh5 $1) 65. Bd3 $1 $11 Bd7 66. Bb2 Bg4+ 67. Ke3 Bd7 68. Ba3 (68. Be2 $11) 68... Ng4+ (68... Bc6 $1 $17) 69. Kf3 {[%cal Oc5c6] Threatens to win with c6!} Nh6 70. Bb1 {[#]} (70. Bb2 $11) 70... Be6 (70... Bg4+ $1 $17 71. Ke3 Bxh5) 71. Rc1 {[#]} (71. Bd3 $11) 71... Rc8 ({Inferior is} 71... Bg4+ 72. Ke3 $17) (71... Rd8 $1 $17 {[%cal Rd8d2] aiming for ...Rd2.} 72. Ke3 f5 73. exf5 Nxf5+ 74. Bxf5 Bxf5) 72. Bd3 Bd7 73. Rc2 (73. Be2 $11 {remains equal.}) 73... Bc6 $17 74. Bc1 Rd8 75. Ke2 $1 Rc8 (75... Ng4 $17) 76. Be3 ({Better is} 76. Kf3 $11) 76... Rd8 (76... Rh8 $1 $15 77. Rc1 Ng4) 77. Rc1 Rd7 78. Bb1 Rc7 79. Rd1 Rd7 80. Rd6 Rxd6 81. cxd6+ $11 {[%mdl 4096] Endgame KBB-KBN} Kd7 82. Bc5 a3 {[%cal Oc6e4]} 83. Kd3 Bb7 84. Kc3 a2 $1 85. Bxa2 Bxe4 86. Bb3 Bf3 87. Bc2 Bxh5 {Hoping for ...Bf3.} 88. Bd3 Kc6 {...Be8 is the strong threat.} 89. Be4+ Kd7 {Strongly threatening ...Be8.} 90. Bd3 Kc6 91. d7 {[%mdl 64] Prevents Be8. Decoy} Kxd7 92. Bxb5+ {This bishop pair is nice.} Kc7 93. Bd3 {Inhibits Nf5.} Bf3 94. b5 e4 95. Bc4 e3 ({Resist} 95... Nf5 96. b6+ Kb8 97. Be6 $14) 96. Bxe3 Nf5 {[%csl LRe3,LRg3]} 97. Bg1 Nd6 98. Bd3 Nxb5+ 99. Bxb5 f5 $1 100. Bh2 f4 101. gxf4 gxf4 102. Bxf4+ Kb6 103. Kb4 Bc6 104. Bc4 Bg2 105. Be3+ Kc6 106. Bf2 Bd5 107. Bxd5+ Kxd5 {Weighted Error Value: White=0.07 (flawless) /Black=0.06 (flawless)} 1/2-1/2

[Event "BAN-chT Golden Jubilee 2021-22"]
[Site "Dhaka"]
[Date "2022.03.13"]
[Round "4.9"]
[White "Srijit Paul"]
[Black "Ghosh, Diptayan"]
[Result "0-1"]
[WhiteElo "2419"]
[BlackElo "2541"]
[Annotator "TA"]
[PlyCount "132"]
[EventDate "2022.03.10"]
[EventType "team-tourn"]
[EventCountry "BAN"]
[SourceTitle "playchess.com"]
[Source "ChessBase"]
[SourceQuality "1"]

{[%evp 10,132,39,32,43,39,49,40,47,35,47,36,44,38,36,28,29,31,29,38,29,0,60,0,41,0,0,0,10,-16,-16,-16,-13,-17,-17,-16,-17,-22,-19,-19,-20,-34,-20,-26,-16,-16,-16,-62,-55,-66,-58,-62,-35,-131,-131,-131,-131,-158,-143,-151,-155,-192,-185,-179,-153,-151,-145,-228,-228,-354,-345,-280,-145,-272,-145,-675,-622,-425,-371,-822,-790,-646,-681,-649,-635,-481,-617,-1070,-1065,-1083,-1206,-1154,-1160,-1164,-1136,-1129,-1097,-1028,-977,-458,-922,-1064,-1062,-930,-900,-1879,-1865,-1881,-1652,-1587,-1509,-1046,-1127,-29972,-29973,-4462,-1441,-29974,-29975,-29975,-29968,-29968,-29962,-5241,-2051]} 1. e4 e5 2. Nf3 Nc6 3. Nc3 Nf6 4. d4 Bb4 5. Nxe5 Qe7 6. Qd3 Bxc3+ {C47: Scotch Four Knights and Four Knights with 4 g3.} 7. Qxc3 {Hoping for f3.} ({Don't play} 7. bxc3 Nxe5 8. dxe5 Qxe5 $15) 7... Nxe4 8. Qe3 {[#]} Nxe5 $146 {White is slightly better.} ({Predecessor:} 8... Nd6 9. Nxc6 dxc6 10. Qxe7+ Kxe7 11. Bf4 Be6 12. Bd3 a5 13. a4 Kd7 14. O-O-O Bc4 15. Bxd6 Bxd3 16. Rxd3 Kxd6 {½-½ (39) Martinez Fernandez,A (2311)-Barseghyan,H (2495) San Sebastian 2019}) 9. Qxe4 Nc6 10. Qxe7+ Nxe7 11. Bf4 d6 12. Kd2 Be6 13. Bb5+ c6 14. Bd3 Kd7 15. Rhe1 Rhe8 (15... b5 $11) 16. Re2 ({But not} 16. Bxh7 $2 g6 17. Bg5 Rh8 18. Bxe7 Kxe7 19. Bxg6 (19. d5 $2 cxd5 20. Bxg6 fxg6 $19) 19... fxg6 $17) (16. c4 $14) 16... h6 (16... Nd5 $11 {should be considered.} 17. Bg3 Nb4) 17. h4 (17. c4 $14 {is more appropriate.}) 17... Nd5 $11 {[%cal Be7d5,Bd5b4,Bb4d3][%mdl 32]} 18. Bg3 Nb4 19. Rae1 Nxd3 20. Kxd3 Bf5+ 21. Kd2 Rxe2+ 22. Rxe2 {[%mdl 4096] Endgame KRB-KRB} Be6 23. a3 b5 24. Re1 a5 {[%cal Ba7a5,Ba5a4][%mdl 32]} 25. Kc3 Rb8 26. b3 Ra8 27. Bf4 a4 28. b4 (28. Kb2 $11) 28... Rg8 29. Be3 Bd5 30. Rg1 f6 31. f4 (31. h5 $15) 31... h5 $17 32. g3 Ke6 33. Re1 Kf5 $1 34. Bf2 Be4 35. Re2 Re8 36. Kd2 Kg4 37. Be1 Kh3 {Black is more active.} 38. c3 (38. Re3 $17) 38... Bg6 $19 39. Rxe8 (39. d5 {was worth a try.} cxd5 40. Rxe8 Bxe8 41. Ke2) 39... Bxe8 {KB-KB} 40. Ke3 Kg2 $1 {And now ...Kf1 would win.} 41. d5 (41. Ke2 $17) 41... cxd5 42. f5 $2 {[%mdl 8192] This costs White the game.} (42. Bd2 $17) 42... Bc6 43. g4 hxg4 44. Kf4 Kh3 45. Bf2 Be8 46. Bg3 Bh5 {Strongly threatening ...Kg2.} 47. Bf2 Kg2 48. Bg3 d4 49. cxd4 d5 50. Bf2 Kf1 $1 {aiming for ...Ke2.} 51. Ke3 Be8 52. Bg3 Bd7 53. Kf4 Ke2 $1 54. h5 Kd3 55. Bh4 g3 56. Bxg3 {[#]} Be8 $1 57. h6 gxh6 58. Bh4 Kc4 {( -> ...Kb3)} 59. Bxf6 Kb3 60. Ke5 {[#]} Bf7 $1 61. Bh8 Kxa3 62. Kf6 Bh5 (62... Be8 $142 63. Ke7 Bh5) 63. Ke5 Kxb4 64. Kxd5 Bf7+ 65. Kd6 Kc4 66. Ke7 Bd5 {Weighted Error Value: White=0.36/Black=0.04 (flawless)} 0-1

[Event "BAN-chT Golden Jubilee 2021-22"]
[Site "Dhaka"]
[Date "2022.03.13"]
[Round "4.10"]
[White "Shyam, Sundar M."]
[Black "Parveen, Tanima"]
[Result "1-0"]
[WhiteElo "2528"]
[BlackElo "1971"]
[Annotator "TA"]
[PlyCount "87"]
[EventDate "2022.03.10"]
[EventType "team-tourn"]
[EventCountry "BAN"]
[SourceTitle "playchess.com"]
[Source "ChessBase"]
[SourceQuality "1"]

{[%evp 18,87,6,0,0,2,0,9,35,29,43,22,45,45,47,47,47,47,47,47,47,43,48,40,56,38,40,36,37,27,41,19,35,0,44,0,51,57,104,93,97,98,208,207,183,155,156,107,156,156,157,91,141,140,142,142,142,142,248,0,408,404,373,364,29993,29994,29994,29995,29995,29996,29996,29997]} 1. e4 e5 2. Nf3 Nc6 3. Bb5 a6 4. Ba4 Nf6 5. Nc3 b5 6. Bb3 Be7 7. d3 d6 8. a3 O-O 9. O-O Bg4 10. Be3 Nd4 {C84: Closed Ruy Lopez: Unusual White 6th moves.} 11. Bxd4 exd4 12. Nd5 Nxd5 {The position is equal. is more profitable than 12...Nd7 at the moment.} 13. Bxd5 Rb8 14. h3 (14. a4 {keeps more tension.} Bf6 15. axb5 axb5 16. h3 Bd7 17. Qd2) 14... Bxf3 15. Qxf3 Qd7 16. Bb3 c6 17. a4 {[#]} b4 $146 ({Predecessor:} 17... Bf6 18. g4 Be5 19. axb5 axb5 20. Ra6 Ra8 21. Rfa1 Rxa6 22. Rxa6 Qb7 23. Ra2 Qe7 {½-½ (64) Pogorelskikh,S (2233)-Bykov,E (2332) Voronezh 2017}) 18. Rae1 Bf6 19. Qg3 Rbe8 20. f4 {[%cal Bf2f4,Bf4f5][%mdl 32]} Bd8 21. Kh1 Kh8 22. Qf2 Bb6 23. a5 Bc5 24. f5 Re5 25. Qh4 Rfe8 (25... f6 $11) 26. Ra1 (26. f6 $14 {should be considered.} g6 27. Qh6) 26... d5 (26... f6 $11) 27. exd5 $14 cxd5 (27... Re2 $14 {deserves consideration.}) 28. Ba4 $16 Qd8 29. Qf4 $36 {[%mdl 2048] White is on the roll. White is more active.} f6 (29... R8e7 $16 {is a better defense.}) 30. Bxe8 $18 Qxe8 31. Rad1 h6 32. Qf3 (32. Qg3 $142) 32... Bd6 {[#]} (32... Ba7 $142 33. Qf4 Re3) 33. Qg4 $1 $16 Bc5 {[#]} 34. Kg1 ({White should play} 34. Qg3 $1) 34... Re2 (34... Qe7 $142) 35. Rf2 Re3 36. Kf1 Qb5 37. Re2 b3 (37... Qxa5 $16 38. Rxe3 dxe3) 38. Rxe3 $2 (38. Rc1 $18) 38... bxc2 {[%mdl 8192]} (38... dxe3 $11 {and Black stays safe.} 39. c4 Qxa5) 39. Re6 $18 cxd1=Q+ 40. Qxd1 Qxa5 $2 (40... Kh7 $18 41. Kg1 Bf8) 41. Re8+ {White mates.} Kh7 42. Qh5 {[%csl Gf5][%cal Rh5g6]} Qa1+ 43. Ke2 {[%csl Gf5][%cal Rh5g6]} Qxb2+ 44. Kf3 {Weighted Error Value: White=0.17 (very precise) /Black=0.58} 1-0

[Event "BAN-chT Golden Jubilee 2021-22"]
[Site "Dhaka"]
[Date "2022.03.13"]
[Round "4.11"]
[White "Aronyak Ghosh"]
[Black "Ahmed, Shafiq"]
[Result "1-0"]
[WhiteElo "2482"]
[BlackElo "2106"]
[Annotator "TA"]
[PlyCount "93"]
[EventDate "2022.03.10"]
[EventType "team-tourn"]
[EventCountry "BAN"]
[SourceTitle "playchess.com"]
[Source "ChessBase"]
[SourceQuality "1"]

{[%evp 11,93,34,49,7,8,18,23,15,34,22,43,35,44,19,20,9,33,-20,27,17,19,0,7,0,0,-9,-6,4,17,21,22,0,0,0,128,114,170,166,160,100,212,160,162,158,165,165,154,153,147,160,207,148,168,145,250,260,249,231,252,195,228,232,231,223,243,231,236,236,308,308,309,310,346,335,427,422,604,611,564,418,808,825,744,679]} 1. c4 f5 2. Nf3 Nf6 3. g3 e6 4. Bg2 Be7 5. O-O O-O 6. b3 d6 7. Bb2 {A10: English Opening: Unusual Replies for Black.} (7. d4 $14) 7... e5 $11 8. d3 {[#]} Bd7 $146 ({Predecessor:} 8... c5 9. Nc3 Nc6 10. e3 Qe8 11. a3 Qh5 12. Nd2 Qh6 13. Nd5 Nxd5 14. cxd5 Nd8 15. f4 Nf7 16. Qe2 Bf6 17. Nc4 {0-1 (39) Agrest,E (2671)-Karlsson,L (2531) Sweden 2007}) 9. Nc3 {White has an edge.} Nc6 10. a3 a5 11. Rc1 Rb8 12. Qd2 Qe8 13. Nb5 Bd8 {[%cal Of5f4]} 14. b4 (14. Ne1 $14) 14... Ne7 (14... Ra8 {should be considered.}) 15. Nc3 axb4 16. axb4 Ng6 17. Qe3 c6 18. Qa7 Bc7 19. b5 Qd8 20. Qa3 h6 21. b6 (21. Qb3 {is more complex.} Be6 22. e3 Re8 23. Qc2 Bf7 24. Ra1) 21... Bxb6 22. Qxd6 e4 (22... Bc7 $11 23. Qb4 Be6) 23. dxe4 $16 fxe4 {[#]} (23... Bc7 $16 24. Qd3 f4) 24. Nxe4 $1 $18 {[%mdl 512]} Nxe4 25. Qxg6 {[%csl Gb2][%cal Rg6g7]} Nf6 (25... Qe7 $16) 26. Rcd1 Qe7 27. Be5 {And now Bd6 would win.} Be8 28. Qc2 Bc7 29. Bxc7 {White is much more active. Black has bad knights.} Qxc7 30. Nd4 {[%cal Bf3d4,Bd4f5,Bf5e7][%mdl 32] aiming for Ne6.} Bf7 {Inhibits Ne6.} (30... Qe7 $16 31. c5 Kh8) 31. c5 Rfe8 32. Rfe1 Re5 {[#]} (32... Ra8 $16 {keeps fighting.} 33. e4 Ra2) 33. f4 $1 Re3 34. Nf5 Ra3 35. Qd2 Bb3 36. Qd6 Qxd6 37. Rxd6 Ra5 38. Rb1 Bc2 39. Ne7+ Kf7 {[#]} 40. Nxc6 $1 {[%mdl 512]} Rxc5 41. Rb2 ({But not} 41. Nxb8 $6 Bxb1 42. Bxb7 Rb5 $18) 41... Ra8 42. Rxb7+ Kf8 43. Ne5 Ra1+ (43... Kg8 $142 44. Rxg7+ Kxg7) 44. Kf2 {Threatens to win with Rd8+.} Kg8 45. Bf3 Ne4+ (45... Rc8 $142 46. Ng4 Ne4+ 47. Bxe4 Bxe4) 46. Bxe4 Bxe4 47. Rb8+ {Weighted Error Value: White=0.15 (very precise) /Black=0.35} 1-0

[Event "BAN-chT Golden Jubilee 2021-22"]
[Site "Dhaka"]
[Date "2022.03.13"]
[Round "4.12"]
[White "Bhuiyan, Golam Mostafa"]
[Black "Asif, Mahmud"]
[Result "1/2-1/2"]
[WhiteElo "2104"]
[BlackElo "1928"]
[Annotator "NA"]
[PlyCount "90"]
[EventDate "2022.03.10"]
[EventType "team-tourn"]
[EventCountry "BAN"]
[SourceTitle "playchess.com"]
[Source "ChessBase"]
[SourceQuality "1"]
[TimeControl "40/5400+30:1800+30"]

1. d4 {[%emt 0:00:03]} Nf6 {[%emt 0:03:22]} 2. c4 {[%emt 0:00:02]} g6 {[%emt 0:00:18]} 3. Nc3 {[%emt 0:00:02]} d5 {[%emt 0:00:41]} 4. cxd5 {[%emt 0:00:42]} Nxd5 {[%emt 0:00:12]} 5. e4 {[%emt 0:00:02]} Nxc3 {[%emt 0:00:12]} 6. bxc3 {[%emt 0:00:01]} Bg7 {[%emt 0:00:19]} 7. a4 {[%emt 0:02:36]} c5 {[%emt 0:07:30]} 8. Bb5+ {[%emt 0:00:11]} Nc6 {[%emt 0:04:42]} 9. Ne2 {[%emt 0:03:34]} cxd4 {[%emt 0:08:42]} 10. cxd4 {[%emt 0:02:05]} O-O {[%emt 0:00:16]} 11. Be3 {[%emt 0:00:18]} Qa5+ {[%emt 0:09:40]} 12. Bd2 {[%emt 0:00:34]} Qb6 {[%emt 0:03:59]} 13. Be3 {[%emt 0:00:38]} Qa5+ {[%emt 0:00:18]} 14. Bd2 {[%emt 0:06:47]} Qb6 {[%emt 0:00:13]} 15. Bc3 {[%emt 0:00:47]} Rd8 {[%emt 0:05:38]} 16. d5 {[%emt 0:11:03]} e6 {[%emt 0:09:00]} 17. Bxg7 {[%emt 0:04:17]} Kxg7 {[%emt 0:00:15]} 18. O-O {[%emt 0:00:04]} exd5 {[%emt 0:00:55]} 19. exd5 {[%emt 0:00:04]} Ne7 {[%emt 0:05:45]} 20. Nf4 {[%emt 0:02:34]} Nxd5 {[%emt 0:08:52]} 21. Nxd5 {[%emt 0:00:25]} Qc5 {[%emt 0:00:15]} 22. Rc1 {[%emt 0:04:45]} Qxd5 {[%emt 0:00:31]} 23. Qxd5 {[%emt 0:00:49]} Rxd5 {[%emt 0:00:08]} 24. Rc7 {[%emt 1:00:07]} a6 {[%emt 0:02:34]} 25. Bc4 {[%emt 0:00:00]} Rd7 {[%emt 0:00:08]} 26. Rc5 {[%emt 0:00:00]} Re7 {[%emt 0:02:05]} 27. Bd5 {[%emt 0:00:00]} Bf5 {[%emt 0:04:24]} 28. h3 {[%emt 0:00:00]} h5 {[%emt 0:02:16]} 29. Rfc1 {[%emt 0:00:00]} Rd8 {[%emt 0:02:28]} 30. Bf3 {[%emt 0:00:00]} Rdd7 {[%emt 0:02:05]} 31. a5 {[%emt 0:00:00]} Be4 {[%emt 0:03:19]} 32. R5c3 {[%emt 0:00:00]} Bxf3 {[%emt 0:00:40]} 33. Rxf3 {[%emt 0:00:00]} Rd5 {[%emt 0:00:35]} 34. Ra1 {[%emt 0:00:00]} Ree5 {[%emt 0:00:24]} 35. Rfa3 {[%emt 0:00:00]} Rb5 {[%emt 0:00:20]} 36. h4 {[%emt 0:00:00]} Rb2 {[%emt 0:03:00]} 37. Rf3 {[%emt 0:00:00]} Ree2 {[%emt 0:00:45]} 38. Rd1 {[%emt 0:00:00]} Red2 {[%emt 0:02:58]} 39. Rc1 {[%emt 0:00:00]} Rd6 {[%emt 0:02:50]} 40. Rfc3 {[%emt 0:00:00]} Rf6 {[%emt 0:00:00]} 41. R3c2 {[%emt 0:00:00]} Rxc2 {[%emt 0:03:14]} 42. Rxc2 {[%emt 0:00:00]} Rf5 {[%emt 0:00:17]} 43. Rc7 {[%emt 0:00:00]} Rb5 {[%emt 0:05:54]} 44. Kh2 {[%emt 0:00:00]} Kf6 {[%emt 0:02:33]} 45. f3 {[%emt 0:00:00]} Ke5 {[%emt 0:28:28]} 1/2-1/2

[Event "BAN-chT Golden Jubilee 2021-22"]
[Site "Dhaka"]
[Date "2022.03.13"]
[Round "4.13"]
[White "Mohammad Minhaz Uddin"]
[Black "Mollah Abdullah, Al Rakib"]
[Result "1-0"]
[WhiteElo "2267"]
[BlackElo "2426"]
[Annotator "TA"]
[PlyCount "97"]
[EventDate "2022.03.10"]
[EventType "team-tourn"]
[EventCountry "BAN"]
[SourceTitle "playchess.com"]
[Source "ChessBase"]
[SourceQuality "1"]

{[%evp 16,97,42,14,9,20,22,30,34,6,14,0,18,14,66,27,52,30,47,26,135,91,89,89,97,91,94,10,14,21,12,21,8,-4,-17,-76,0,-67,60,70,66,31,47,31,40,41,81,88,93,100,118,122,117,117,268,268,268,257,397,0,254,0,418,421,458,439,809,783,806,759,1327,1483,1306,1309,2018,1434,2315,2017,2391,2250,2638,2327,2080,1745]} 1. e4 e5 2. Nf3 d6 3. d4 exd4 4. Nxd4 Nf6 5. Nc3 Be7 6. Bd3 O-O 7. O-O Nc6 8. Nxc6 bxc6 9. h3 Nd7 {C45: Scotch Game.} 10. Be3 Bf6 11. Qd2 Re8 {White has an edge.} 12. Rae1 Bb7 13. f4 {[#]} a5 $146 ({Predecessor:} 13... Qc8 14. e5 Bh4 15. Bf2 Bxf2+ 16. Qxf2 Nc5 17. f5 Nxd3 18. cxd3 Rxe5 19. Rxe5 dxe5 {0-1 (31) Hall,O (1586)-Gebigke,M (2138) Berlin 2010}) 14. Bf2 Nb6 (14... c5 $11) 15. b3 {[%cal Oe4e5]} (15. e5 $5 dxe5 16. Ne4 $14) 15... c5 16. Nd5 (16. e5 dxe5 17. Ne4 c4 18. bxc4 exf4 19. Qxf4 Be5 $11) 16... a4 17. Bb5 c6 (17... Nxd5 $11 18. exd5 (18. Bxe8 Bc3 $17) 18... Rxe1 19. Rxe1 axb3 20. axb3 Qf8) 18. Nxb6 {White is more active.} ({Better is} 18. Nxf6+ Qxf6 19. Bd3) 18... Qxb6 $16 19. Bxa4 Ba6 20. Qxd6 Bxf1 21. Kxf1 ({Avoid the trap} 21. Bxc5 $2 Qa5 22. Kxf1 (22. Rxf1 $2 Be7 $19) 22... Be7 23. Qxe7 Rxe7 24. Bxe7 Qc7 $19) (21. Rxf1 $16 Bd4 22. Qxc6) 21... Bd4 $1 $11 {[#] White must now prevent ...Re6.} 22. Bxd4 (22. Bxc6 $2 Rad8 23. Qd5 Rxd5 $19) 22... cxd4 23. Qxc6 Qb4 24. Re2 ({But not} 24. Qxe8+ Rxe8 25. Bxe8 Qb8 $15) 24... Rec8 25. Qd7 (25. Qd5 $11 {keeps the balance.}) 25... Rd8 ({Black should play} 25... Qa3 $17 {...Qc1+ is the strong threat.} 26. Qxd4 Qc1+ 27. Re1 Qxf4+ 28. Qf2 Qxf2+ 29. Kxf2 Rxc2+ 30. Re2 Rxe2+ 31. Kxe2 Kf8) 26. Qb5 (26. Qf5 $11) 26... Qxb5 (26... Qa3 $15) 27. Bxb5 $14 {And now a4 would win.} Rxa2 $15 {[%mdl 4096] Endgame KRR-KRB} 28. Rd2 Kf8 29. Ke2 Ke7 30. Bc4 Rb2 31. Kd3 f6 32. Rd1 Ra8 {Inhibits Ra1.} 33. Rc1 Rba2 34. Kxd4 Ra1 $2 {[#]} (34... Rd8+ $16 {might work better.} 35. Ke3 Ra5) 35. Rxa1 $18 Rxa1 {KR-KB} 36. Be2 Ra8 (36... Rg1 $142 37. Bf3 Rb1) 37. Bc4 Ra1 $1 38. Be2 $2 {Inhibits Rd1+.} (38. b4) 38... Ra8 $1 39. c4 {[%cal Bc2c4,Bc4c5][%mdl 32]} Rd8+ {White is clearly winning.} 40. Kc3 g5 (40... Rg8 $142 41. b4 g5) 41. fxg5 fxg5 42. c5 Kd7 43. b4 {[%cal Bb3b4,Bb4b5][%mdl 32]} Kc6 44. Kc4 Rd2 45. b5+ Kc7 46. Bf3 Rc2+ 47. Kd4 Rd2+ 48. Kc3 Rd8 49. e5 {Weighted Error Value: White=0.36/Black=0.31} 1-0

[Event "BAN-chT Golden Jubilee 2021-22"]
[Site "Dhaka"]
[Date "2022.03.13"]
[Round "4.14"]
[White "Erigaisi Arjun"]
[Black "Ahmed, Sheikh Nasir"]
[Result "1-0"]
[WhiteElo "2633"]
[BlackElo "2168"]
[Annotator "TA"]
[PlyCount "89"]
[EventDate "2022.03.10"]
[EventType "team-tourn"]
[EventCountry "BAN"]
[SourceTitle "playchess.com"]
[Source "ChessBase"]
[SourceQuality "1"]

{[%evp 9,89,-12,8,-7,17,-15,-12,-18,3,-18,-10,-10,-12,-19,-4,-26,-11,-38,-24,-40,-7,-11,-6,-6,-13,-42,-4,0,0,0,0,0,0,0,24,13,24,9,16,13,18,12,14,16,25,20,16,24,48,42,41,51,42,53,93,93,106,88,88,88,96,95,93,90,92,106,94,100,95,97,131,135,123,119,156,139,133,81,78,91,123,91]} 1. d4 Nf6 2. Nf3 e6 3. Bf4 c5 4. e3 Qb6 5. Qc1 d5 6. Nbd2 {A46: 1 d4 Nf6 2 Nf3 e6: Torre, London and Colle Systems.} Bd6 7. Bg3 {[#]} O-O $146 ({Predecessor:} 7... Bxg3 8. hxg3 Bd7 9. dxc5 Qxc5 10. c4 Nc6 11. cxd5 Qxd5 12. Qc4 Rc8 13. Qxd5 Nxd5 {0-1 (38) Kosic,D (2515)-Raicevic,V (2440) Igalo 1994}) 8. c3 {The position is equal.} Qc7 9. dxc5 Qxc5 10. Bd3 Nbd7 11. e4 {Threatens to win with e5.} dxe4 12. Bxe4 Qc7 (12... Nxe4 $2 13. Nxe4 Bxg3 14. Nxc5 $18) 13. Qc2 Nc5 14. Rd1 Bf4 ({But not} 14... Ncxe4 15. Nxe4 Nxe4 16. Qxe4 Bxg3 17. hxg3 $11) 15. O-O Bxg3 16. hxg3 Bd7 17. Nd4 {Inhibits Bb5.} Nfxe4 18. Nxe4 Nxe4 19. Qxe4 Rfd8 20. Rd2 Bc6 21. Qe3 Rd7 22. Nxc6 {Hoping for Nd4.} Qxc6 23. Rfd1 Rxd2 24. Rxd2 $11 {[%cal Oe3a7][%mdl 4096] Endgame KQR-KQR} h6 25. Rd4 Qb6 26. Qd2 Rc8 27. c4 Qc5 28. b3 a6 (28... b6 {looks sharper.} 29. Rd7 Rc7 30. Rd8+ Kh7 31. g4 Qg5) 29. a4 Qf5 30. Qd1 Qa5 31. Rd7 b6 {[#]} 32. Rxf7 $1 Rxc4 {[#]} (32... Kxf7 33. Qd7+) 33. Rxg7+ $3 {[%mdl 512]} Kxg7 34. bxc4 $16 {KQ-KQ} Qc5 35. Qg4+ Kf7 36. Qf3+ Kg6 37. Qd3+ Kf6 38. g4 Qb4 {[#]} 39. Qc2 $1 Kg5 40. g3 {Black must now prevent Qh7.} Kf6 41. Qh7 Qxa4 42. Qxh6+ Kf7 43. g5 {White is more active.} (43. Qf4+ $142 Kg7 44. Qd4+ Kg6 45. Qe4+ (45. Qxb6 Qxc4 46. Qd8 Qd5 $16) 45... Kf6 46. g5+ Kxg5 47. Qxe6) 43... Qd1+ 44. Kg2 {Intending g6+ and mate.} Qg4 45. Qh7+ {Weighted Error Value: White=0.06 (flawless) /Black=0.10 (very precise)} 1-0